Arrangement and description in two dissenting archives

Titel: Arrangement and description in two dissenting archives
Verfasser:
In: Archifacts, Heft 2 (2018), Seite 65-71
alle Artikel anzeigen
Veröffentlicht: 2018
Umfang: Illustrationen
Format: Aufsatz
Sprache: Englisch
Kein Bild verfügbar
X
alg: 45240399
001A    $03036:26-08-19 
001B    $01999:26-08-19 $t22:30:37.000 
001D    $03036:26-08-19 
001U    $0utf8 
001X    $00 
002@    $0Aou 
002C    $aText $btxt $2rdacontent 
002D    $aohne Hilfsmittel zu benutzen $bn $2rdamedia 
002E    $aBand $bnc $2rdacarrier 
003@    $0452403995 
007A    $0452403995 $aHEB 
010@    $aeng 
010E    $erda 
011@    $a2018 
021A    $aArrangement and description in two dissenting archives 
028A    $aWhittaker $dNina 
031A    $e2 $h65-71 $j2018 
034M    $aIllustrationen 
039B    $aEnthalten in $8--Abvc--. Archifacts. - Wellington : ARANZ, 2004-. - ISSN 0303-7940 $x201800000000002935 $9130316024 

lok: 45240399 105

exp: 45240399 105 1 #EPN
201B/01 $026-08-19 $t16:04:56.000 
201C/01 $026-08-19 
201U/01 $0utf8 
203@/01 $01058360302 
208@/01 $a26-08-19 $be 
209A/01 $a/ $f106 $x00 
237A/01 $aSignatur Archivschule Marburg: AI 100.10 
244Z/01 $aSyrien $x01 
244Z/01 $aSyria $x02 
244Z/01 $aSyrie $x03 
245Z/01 $a2.15.09. $bArchivwissenschaft und Archivtheorie / Archivsparten / Sonstige private Archive, öffentliche und private Dokumentationsstellen $x01 
245Z/01 $a5.01.02. $bArchivwesen außerhalb Europas / Archivwesen weltweit / Einzelne Länder $x02 
245Z/01 $a5.03.02. $bArchivwesen außerhalb Europas / USA / Archive und Archivbestände $x03 
247C/01 $8->Marburg, Bibliographie zum Archivwesen der Archivschule Marburg $939588196X
LEADER 00000caa a2200000 c 4500
001 452403995
003 DE-603
005 20190826223037.0
007 tu
008 190826s2018 xx |||| | u00||u|eng c
035 |a (DE-599)HEB452403995 
040 |a DE-603  |b ger  |c DE-603  |d DE-603  |e rda 
041 |a eng 
100 1 |a Whittaker, Nina 
245 0 0 |a Arrangement and description in two dissenting archives 
264 0 |c 2018 
300 |b Illustrationen 
336 |a Text  |b txt  |2 rdacontent 
337 |a ohne Hilfsmittel zu benutzen  |b n  |2 rdamedia 
338 |a Band  |b nc  |2 rdacarrier 
773 0 8 |i Enthalten in  |t Archifacts  |d Wellington : ARANZ, 2004-  |x 0303-7940  |g Heft 2 (2018), Seite 65-71  |w (DE-603)130316024  |w (DE-600)2199421-3 
924 0 |9 -  |a (DE-603)1058360302  |b DE-  |c HES  |d d  |g /